000 01293nam a2200325 c 4500
999 _c207317
_d207317
003 BLK
005 20240925005454.0
008 180411b bul|||||r ||||||| ||bul||
010 _aKNG00217079000
040 _aBLK
041 _aBUL
_cBUL
080 _aНемска литература
_b821.112.2
_x-1
_z821.112.2-1
100 1 _aШилер, Фридрих
_eпърви автор
_9373563
139 _aШилер, Фридрих
_bШ 64
245 1 0 _aВаленщайн
_bДраматическа поема
_cФридрих Шилер; прев. от нем. Димитър Стоевски; предг. от Александър Георгиев Пешев; ил. Иван Кьосев.
257 _aDEU
260 _bНар. култура
_c1968
_aСофия
300 _a544 с.
_bс ил.
_c25 см
380 _aX
700 _aСтоевски, Димитър
_qЧолаков, Димчо Стоев
_9364897
700 1 _aПешев, Александър Георгиев
_eпредг. от
_9382222
700 1 _aКьосев, Иван
_eил.
_9367385
852 _aЦб II 3501
856 4 _qpdf
856 4 _qpdf
942 _cKNG
_n0
_s1
944 _aCR
_c09.03.2018
_k
_lCRON CRON
944 _aED
_c09.03.2018
_kКети_Илиева
999 _d207317